[Event "British Chess Championships 2023: Major Open"]
[Site "The Venue, De Montfort University, 20 Western Boulevard, Leicester, LE2 7BU"]
[Date "2023.07.30"]
[Round "9"]
[Board "24"]
[White "Pang, Ethan"]
[Black "Gibson, Christopher A"]
[Result "1/2-1/2"]
[WhiteElo "1553"]
[BlackElo "1820"]
[PlyCount "29"]
[EventDate "2023.07.22"]
[EventRounds "9"]
[EventCountry "ENG"]

1. e4 c5 2. Nc3 Nc6 3. d3 e6 4. g3 Nf6 5. Bg2 d5 6. exd5 Nxd5 7. Nge2 Nf6 8. O-O
Be7 9. b3 O-O 10. Bb2 Nd4 11. Ne4 Rb8 12. c3 Nxe2+ 13. Qxe2 b6 14. Rfd1 Bb7 15. c4
 1/2-1/2

[Event "British Chess Championships 2023: Major Open"]
[Site "The Venue, De Montfort University, 20 Western Boulevard, Leicester, LE2 7BU"]
[Date "2023.07.30"]
[Round "9"]
[Board "25"]
[White "Verbytski, Oleg"]
[Black "Lishoy Gengis Paratazham, Dildarav"]
[Result "1-0"]
[WhiteElo "1795"]
[BlackElo "1618"]
[PlyCount "145"]
[EventDate "2023.07.22"]
[EventRounds "9"]
[EventCountry "ENG"]

1. e4 Nf6 2. Nc3 e6 3. e5 Nd5 4. Nxd5 exd5 5. d4 d6 6. Bf4 c5 7. Nf3 Nc6 8. exd6
Bxd6 9. Bxd6 Qxd6 10. dxc5 Qxc5 11. Bd3 O-O 12. O-O h6 13. h3 Be6 14. Re1 Rac8 15.
c3 Rfd8 16. Rc1 Qb6 17. Qe2 Re8 18. Bb1 g6 19. Qd2 Kg7 20. Rcd1 Qc7 21. Re2 Rcd8
22. Rde1 Qd6 23. Nd4 Nxd4 24. Qxd4+ Kg8 25. Bxg6 Bd7 26. Be4 Bb5 27. Bd3 Bd7 28.
Re3 Rxe3 29. Rxe3 Re8 30. Rg3+ Kf8 31. Qg7+ Ke7 32. Re3+ Kd8 33. Qxf7 Rxe3 34. fxe3
Qb6 35. Qg8+ Kc7 36. Qg3+ Kd8 37. Qf2 Kc7 38. e4 Qd6 39. exd5 Qxd5 40. Qf4+ Kc8 41.
Qc4+ Qxc4 42. Bxc4 Kd8 43. Kf2 Ke7 44. Ke3 b6 45. g4 Kf6 46. Kf4 b5 47. Bb3 a5 48.
h4 b4 49. cxb4 axb4 50. g5+ Kg7 51. Bc2 Be6 52. Bb3 Bd7 53. gxh6+ Kxh6 54. Ke5 Kh5
55. Kd6 Be8 56. Kc5 Kxh4 57. Kxb4 Kg5 58. Bd5 Kf6 59. Kc5 Ke7 60. b4 Kd8 61. b5 Kc7
62. a4 Kb8 63. a5 Ka7 64. b6+ Kb8 65. a6 Ba4 66. a7+ Kc8 67. a8=Q+ Kd7 68. Bc6+ Bxc6
69. Qxc6+ Ke7 70. b7 Kf7 71. b8=Q Kg7 72. Qbb7+ Kh8 73. Qcc8#  1-0

[Event "British Chess Championships 2023: Major Open"]
[Site "The Venue, De Montfort University, 20 Western Boulevard, Leicester, LE2 7BU"]
[Date "2023.07.30"]
[Round "9"]
[Board "26"]
[White "Sivanandan, Bodhana"]
[Black "Whittington, Reece W"]
[Result "1/2-1/2"]
[WhiteElo "1834"]
[BlackElo "1624"]
[PlyCount "165"]
[EventDate "2023.07.22"]
[EventRounds "9"]
[EventCountry "ENG"]

1. e4 e6 2. d4 d5 3. Nd2 Nf6 4. e5 Nfd7 5. Bd3 c5 6. c3 Nc6 7. Ne2 f6 8. exf6 Nxf6
9. O-O Bd6 10. Nf3 O-O 11. Bf4 Bxf4 12. Nxf4 Qc7 13. Ne2 cxd4 14. cxd4 e5 15. dxe5
Nxe5 16. Nxe5 Qxe5 17. Qd2 Ne4 18. Bxe4 dxe4 19. Rfe1 Bf5 20. Nc3 Rae8 21. Qe3 b6
22. Rad1 Qf6 23. h3 Qg6 24. Rd4 Bc8 25. Kh2 Bb7 26. Rd2 Qf5 27. Red1 Qf4+ 28. Qxf4
Rxf4 29. Re1 Ref8 30. Kg1 R8f6 31. Re3 h6 32. Rde2 Ba6 33. Nd5 Bxe2 34. Nxf4 Bc4
35. Nh5 Re6 36. b3 Ba6 37. Ng3 Bb7 38. f3 Rc6 39. Nxe4 Rc1+ 40. Kf2 Ba6 41. Rc3 Rxc3
42. Nxc3 Kf7 43. g3 Ke6 44. Ke3 Bb7 45. Nb5 a6 46. Nd4+ Kf6 47. h4 g6 48. Kd3 h5
49. f4 Bd5 50. Kc3 b5 51. Kb4 Ke7 52. Kc5 Bb7 53. Kb6 Bc8 54. Kc7 Bd7 55. b4 Bh3
56. a3 Bg2 57. Nc6+ Ke6 58. Ne5 Kf5 59. Kb6 Bf1 60. Kxa6 Ke4 61. Nxg6 Kf3 62. f5
Kxg3 63. Ka5 Bd3 64. Ne7 Kxh4 65. f6 Bc4 66. f7 Bxf7 67. Nf5+ Kg4 68. Nh6+ Kf4 69.
Nxf7 h4 70. Nd6 h3 71. Nxb5 h2 72. Na7 h1=Q 73. Ka6 Qd1 74. b5 Qa4+ 75. Kb7 Qxa3
76. b6 Ke4 77. Nb5 Qc5 78. Ka6 Qc6 79. Na7 Qa4+ 80. Kb7 Kd5 81. Kb8 Qa6 82. b7 Qxb7+
83. Kxb7  1/2-1/2

[Event "British Chess Championships 2023: Major Open"]
[Site "The Venue, De Montfort University, 20 Western Boulevard, Leicester, LE2 7BU"]
[Date "2023.07.30"]
[Round "9"]
[Board "27"]
[White "Rubeck, Jonathan"]
[Black "Twisk, Sebastian"]
[Result "0-1"]
[WhiteElo "1760"]
[BlackElo "1599"]
[PlyCount "52"]
[EventDate "2023.07.22"]
[EventRounds "9"]
[EventCountry "ENG"]

1. e4 c6 2. d4 d5 3. e5 Bf5 4. h4 h5 5. c4 dxc4 6. Bxc4 e6 7. Nc3 Nd7 8. Nge2 Be7
9. Ng3 Bg4 10. Be2 Bxe2 11. Qxe2 Bxh4 12. Nxh5 g6 13. Ng7+ Kf8 14. Nxe6+ fxe6 15.
g3 Bf6 16. Rxh8 Bxh8 17. Qg4 Bxe5 18. dxe5 Nxe5 19. Qxe6 Qd3 20. Bh6+ Nxh6 21. Qf6+
Nhf7 22. f4 Qxg3+ 23. Kf1 Ng4 24. Qd4 Re8 25. Qc5+ Kg8 26. Rb1 Nh2#  0-1

[Event "British Chess Championships 2023: Major Open"]
[Site "The Venue, De Montfort University, 20 Western Boulevard, Leicester, LE2 7BU"]
[Date "2023.07.30"]
[Round "9"]
[Board "28"]
[White "Dayal, Samar"]
[Black "Sheikh, Anum"]
[Result "1-0"]
[WhiteElo "1433"]
[BlackElo "1744"]
[PlyCount "145"]
[EventDate "2023.07.22"]
[EventRounds "9"]
[EventCountry "ENG"]

1. e4 c5 2. Nf3 e6 3. d4 cxd4 4. Nxd4 Bc5 5. Nb3 Bb6 6. Nc3 Ne7 7. Bf4 d5 8. exd5
exd5 9. Nb5 O-O 10. Bd3 Ng6 11. Bg3 f5 12. h3 f4 13. Bh2 Re8+ 14. Be2 Nh4 15. O-O
Bxh3 16. gxh3 Qg5+ 17. Bg4 h5 18. Bxf4 Qxf4 19. Qxd5+ Kf8 20. Qd6+ Qxd6 21. Nxd6
hxg4 22. Nxe8 Kxe8 23. hxg4 Nc6 24. Kh2 Bc7+ 25. Kh3 g5 26. f4 Ng6 27. fxg5 Nf4+
28. Kg3 Ne6+ 29. Kg2 Nxg5 30. Rae1+ Ne5 31. Nc5 Rd8 32. Nxb7 Rb8 33. Rf5 Ngf7 34.
Na5 Rxb2 35. g5 Kf8 36. Rexe5 Rxc2+ 37. Kf3 Bxe5 38. g6 Rxa2 39. Rxf7+ Ke8 40. Nc6
Bd6 41. Rb7 Ra3+ 42. Ke4 Rg3 43. g7 a6 44. Kd5 Ba3 45. Ne5 Be7 46. Rb8+ Bd8 47. Nc6
Rxg7 48. Rxd8+ Kf7 49. Ne5+ Kf6 50. Rf8+ Kg5 51. Ke4 a5 52. Rf5+ Kh6 53. Kf4 Rg1
54. Ng4+ Kh7 55. Kg5 a4 56. Rf7+ Kg8 57. Ra7 Ra1 58. Nh6+ Kf8 59. Kf6 Rf1+ 60. Nf5
Ke8 61. Ke5 Re1+ 62. Kd5 Ra1 63. Ne3 Re1 64. Nc4 Ra1 65. Ke6 Kf8 66. Nd6 a3 67. Ra8+
Kg7 68. Nf5+ Kh7 69. Ra7+ Kg6 70. Rg7+ Kh5 71. Kf6 Rg1 72. Rxg1 a2 73. Rg5#  1-0

[Event "British Chess Championships 2023: Major Open"]
[Site "The Venue, De Montfort University, 20 Western Boulevard, Leicester, LE2 7BU"]
[Date "2023.07.30"]
[Round "9"]
[Board "30"]
[White "Gamage Ranasinghe, Yuman Ranjula"]
[Black "Berkley, Stephen W"]
[Result "0-1"]
[WhiteElo "1100"]
[BlackElo "1587"]
[PlyCount "74"]
[EventDate "2023.07.22"]
[EventRounds "9"]
[EventCountry "ENG"]

1. e4 e6 2. Nf3 d5 3. Nc3 Nf6 4. e5 Nfd7 5. d4 c5 6. Bg5 Qb6 7. dxc5 Nxc5 8. Be2
Nc6 9. Bb5 Bd7 10. Be3 Qc7 11. Bxc6 bxc6 12. O-O Nb7 13. Re1 c5 14. Bg5 Bc6 15. Qe2
a6 16. Rad1 Be7 17. Bxe7 Qxe7 18. h3 Nd8 19. Nh2 Qb7 20. Qg4 Kf8 21. Rd3 Qxb2 22.
Rg3 Rg8 23. Rb1 Qxc2 24. Rb6 Qf5 25. Qh4 d4 26. Rxa6 Rxa6 27. Qxd8+ Be8 28. Nb5 Qb1+
29. Nf1 Qxb5 30. Rb3 Qd7 31. Qb8 Ra7 32. Rb6 Qc7 33. Qxc7 Rxc7 34. Rb8 f6 35. exf6
gxf6 36. a4 Kf7 37. a5 Bc6  0-1

[Event "British Chess Championships 2023: Major Open"]
[Site "The Venue, De Montfort University, 20 Western Boulevard, Leicester, LE2 7BU"]
[Date "2023.07.30"]
[Round "9"]
[Board "31"]
[White "Graham, Danny"]
[Black "Bellano, Harry"]
[Result "1-0"]
[WhiteElo "1715"]
[BlackElo "1470"]
[PlyCount "27"]
[EventDate "2023.07.22"]
[EventRounds "9"]
[EventCountry "ENG"]

1. d4 Nf6 2. Nc3 e6 3. a3 d5 4. Bf4 c5 5. e3 Nc6 6. Nb5 e5 7. dxe5 Ng4 8. e6 Nge5
9. exf7+ Kxf7 10. Nf3 Bd6 11. Nxd6+ Qxd6 12. Bb5 Qf6 13. Bxe5 Nxe5 14. Qxd5+  1-0

[Event "British Chess Championships 2023: Major Open"]
[Site "The Venue, De Montfort University, 20 Western Boulevard, Leicester, LE2 7BU"]
[Date "2023.07.30"]
[Round "9"]
[Board "32"]
[White "Gonzales, Ceferino"]
[Black "Chantrell, Paul"]
[Result "0-1"]
[WhiteElo "1493"]
[BlackElo "1576"]
[PlyCount "88"]
[EventDate "2023.07.22"]
[EventRounds "9"]
[EventCountry "ENG"]

1. c4 Nf6 2. Nc3 g6 3. e4 d6 4. d4 Bg7 5. Bd3 O-O 6. Nge2 e5 7. d5 a6 8. Bd2 Nbd7
9. b4 c5 10. dxc6 bxc6 11. O-O h6 12. Bc2 Ne8 13. Bb3 Nc7 14. Be3 Qe7 15. h4 Nf6
16. Ng3 Be6 17. Rc1 Ng4 18. Re1 Nxe3 19. Rxe3 h5 20. Rd3 Ne8 21. c5 Bh6 22. cxd6
Nxd6 23. Nxh5 Bxb3 24. axb3 Bxc1 25. Qxc1 Kh7 26. Qd1 Ne8 27. Qg4 Nf6 28. Qg5 gxh5
29. Rf3 Ng8 30. Qxh5+ Nh6 31. g4 f6 32. g5 Qg7 33. Rg3 Qg6 34. Qe2 fxg5 35. hxg5
Nf7 36. Qg4 Kg7 37. Nd1 Rh8 38. Ne3 Qh5 39. Nf5+ Kf8 40. Qxh5 Rxh5 41. g6 Nh6 42.
g7+ Kg8 43. Ne7+ Kh7 44. Nxc6 Rg8  0-1